IFM Opac

Business Statistics: A First Course (Record no. 22107)

MARC details
000 -LEADER
fixed length control field 00429nam a22001697a 4500
020 ## - INTERNATIONAL STANDARD BOOK NUMBER
ISBN 978-1-292-32036-6
082 ## - DEWEY DECIMAL CLASSIFICATION NUMBER
Classification number 519.5
100 ## - MAIN ENTRY--AUTHOR NAME
Personal name Levine, David M.
245 ## - TITLE STATEMENT
Title Business Statistics: A First Course
250 ## - EDITION STATEMENT
Edition statement 8th
260 ## - PUBLICATION, DISTRIBUTION, ETC. (IMPRINT)
Place of publication Harlow:
Name of publisher Pearson Education,
Year of publication 2020
300 ## - PHYSICAL DESCRIPTION
Number of Pages 682p.: ill.; 28 cm
500 ## - GENERAL NOTE
General note TABLE OF CONTENTS:
700 ## - ADDED ENTRY--PERSONAL NAME
Personal name Szabat, Kathryn A.
700 ## - ADDED ENTRY--PERSONAL NAME
Personal name Stephen, David F.
942 ## - ADDED ENTRY ELEMENTS (KOHA)
Koha item type Books
Holdings
Withdrawn status Lost status Damaged status Not for loan Collection code Permanent Location Current Location Shelving location Date acquired Source of acquisition Full call number Accession Number Price effective from Koha item type
        Non-fiction IFM Main Campus Library IFM Main Campus Library Work Room processing 10/10/2025 Purchase 519.5 LEV 0000030319 10/27/2025 Books
        Non-fiction IFM Main Campus Library IFM Main Campus Library Work Room processing 10/10/2025 Purchase 519.5 LEV 0000030320 10/27/2025 Books
        Non-fiction IFM Main Campus Library IFM Main Campus Library Work Room processing 10/10/2025 Purchase 519.5 LEV 0000030318 10/27/2025 Books